<?xml version="1.0" encoding="UTF-8"?>
<record
    xmlns:xsi="http://www.w3.org/2001/XMLSchema-instance"
    xsi:schemaLocation="http://www.loc.gov/MARC21/slim http://www.loc.gov/standards/marcxml/schema/MARC21slim.xsd"
    xmlns="http://www.loc.gov/MARC21/slim">

  <leader>00750cam#a2200253#i#4500</leader>
  <controlfield tag="001">NOT17665096601587</controlfield>
  <controlfield tag="003">OSt</controlfield>
  <controlfield tag="005">20260423090137.0</controlfield>
  <controlfield tag="007">ta</controlfield>
  <controlfield tag="008">251223s2026    xx#              #  fre</controlfield>
  <controlfield tag="009">1</controlfield>
  <datafield tag="020" ind1=" " ind2=" ">
    <subfield code="a">9791040806424</subfield>
  </datafield>
  <datafield tag="024" ind1="3" ind2=" ">
    <subfield code="a">9791040806424</subfield>
  </datafield>
  <datafield tag="035" ind1=" " ind2=" ">
    <subfield code="a">(BTLF)NOT17665096601587</subfield>
  </datafield>
  <datafield tag="040" ind1=" " ind2=" ">
    <subfield code="a">BTLF</subfield>
    <subfield code="b">fre</subfield>
    <subfield code="e">rda</subfield>
    <subfield code="c">BTLF</subfield>
    <subfield code="d">SQTD</subfield>
  </datafield>
  <datafield tag="082" ind1="0" ind2=" ">
    <subfield code="a">BEA</subfield>
    <subfield code="2">23</subfield>
  </datafield>
  <datafield tag="100" ind1="1" ind2=" ">
    <subfield code="a">Beauvais, Cl&#xE9;mentine,</subfield>
    <subfield code="d">1989-</subfield>
    <subfield code="e">auteur</subfield>
    <subfield code="9">53037ad</subfield>
  </datafield>
  <datafield tag="245" ind1="1" ind2="0">
    <subfield code="a">Code petite sIr&#xE8;ne /</subfield>
    <subfield code="c">auteur, Cl&#xE9;mentine Beauvais, autre, Pierre Bayard</subfield>
  </datafield>
  <datafield tag="300" ind1=" " ind2=" ">
    <subfield code="a">288 pages ;</subfield>
    <subfield code="c">22 cm</subfield>
  </datafield>
  <datafield tag="490" ind1="0" ind2=" ">
    <subfield code="a">Pierre Bayard, d&#xE9;textive priv&#xE9; ;</subfield>
    <subfield code="v">3</subfield>
  </datafield>
  <datafield tag="650" ind1="1" ind2="7">
    <subfield code="a">Romans policiers (Jeunesse)</subfield>
    <subfield code="2">thema</subfield>
  </datafield>
  <datafield tag="700" ind1="1" ind2=" ">
    <subfield code="a">Bayard, Pierre</subfield>
    <subfield code="e">autre</subfield>
    <subfield code="9">195277a</subfield>
    <subfield code="8">510608a</subfield>
  </datafield>
  <datafield tag="942" ind1=" " ind2=" ">
    <subfield code="2">ddc</subfield>
    <subfield code="c">BK</subfield>
  </datafield>
  <datafield tag="999" ind1=" " ind2=" ">
    <subfield code="c">43614</subfield>
    <subfield code="d">43614</subfield>
  </datafield>
  <datafield tag="952" ind1=" " ind2=" ">
    <subfield code="0">0</subfield>
    <subfield code="1">0</subfield>
    <subfield code="2">ddc</subfield>
    <subfield code="4">0</subfield>
    <subfield code="7">0</subfield>
    <subfield code="a">MAIN</subfield>
    <subfield code="b">MAIN</subfield>
    <subfield code="d">2026-04-23</subfield>
    <subfield code="l">0</subfield>
    <subfield code="o">BEA</subfield>
    <subfield code="p">209027</subfield>
    <subfield code="r">2026-04-23 11:01:53</subfield>
    <subfield code="w">2026-04-23</subfield>
    <subfield code="y">BK</subfield>
  </datafield>
</record>
